Вып. 3; Записки Восточно-Сибирского отделения Всесоюзного минералогического общества

Dades bibliogràfiques
Parent link:Записки Восточно-Сибирского отделения Всесоюзного минералогического общества/ Академия наук СССР (АН СССР), Сибирское отделение (СО), гл. ред. С. А. Вахромеев. Вып. 3.— , 1959-1962
Autor corporatiu: Академия наук СССР Сибирское отделение Восточно-Сибирский геологический институт
Idioma:rus
Publicat: Иркутск, Изд-во ВостСибГИ, 1962
Matèries:
Format: MixedMaterials Llibre
KOHA link:https://koha.lib.tpu.ru/cgi-bin/koha/opac-detail.pl?biblionumber=586230

MARC

LEADER 00000nam2a2200000 4500
001 586230
005 20231102022216.0
035 |a (RuTPU)RU\TPU\prd\288740 
035 |a RU\TPU\book\189898 
090 |a 586230 
100 |a 20210323b1962 k y0rusy50 ca 
101 0 |a rus 
102 |a RU 
200 0 |a Вып. 3  |f Академия наук СССР, Сибирское отделение, Восточно-Сибирский геологический институт 
210 |a Иркутск  |c Изд-во ВостСибГИ  |d 1962 
215 |a 178 с.  |c ил. 
320 |a Библиогр. в конце гл. 
461 0 |0 (RuTPU)RU\TPU\prd\288739  |t Записки Восточно-Сибирского отделения Всесоюзного минералогического общества  |f Академия наук СССР (АН СССР), Сибирское отделение (СО), гл. ред. С. А. Вахромеев  |v Вып. 3  |d 1959-1962 
606 1 |a Минералогия  |2 stltpush  |3 (RuTPU)RU\TPU\subj\43907  |9 63333 
610 1 |a Прибайкалье 
610 1 |a Забайкалье 
610 1 |a траппы 
610 1 |a гипербазиты 
610 1 |a фельзиты 
610 1 |a молибденовые месторождения 
610 1 |a пегматиты 
610 1 |a Ангара 
675 |a 549  |v 3 
712 0 2 |a Академия наук СССР  |b Сибирское отделение  |b Восточно-Сибирский геологический институт  |c (Иркутск)  |c (1957-1962)  |2 stltpush  |3 (RuTPU)RU\TPU\col\18511  |9 27062 
801 1 |a RU  |b 63413507  |c 20100209 
801 2 |a RU  |b 63413507  |c 20230426  |g RCR 
942 |c BK 
999 |a НТБ_ТПУ  |b НФ  |e -8/20100113  |h 7001-3  |p 25710  |u 0,85  |v 1